On This Day: November 8th Quiz Stats

 Plays Quiz Updated Nov 8, 2017

Challenge
Share
Tweet
Embed
Score 0/7 Timer 03:00
0 Plays Today
Question Answer Wrong Answers
This TV network, now known for airing shows like ‘Game of Thrones’ and ‘Veep’, is first launched.
1972
HBO
90.8%
Showtime
4.6%
Starz
1%
Cinemax
1.4%
This British chef and TV personality, known for his fiery temper and common use of expletives, is born.
1966
Gordon Ramsay
89%
Jamie Oliver
2.7%
Wolfgang Puck
3.5%
Anthony Bourdain
2.7%
A rebel faction of troops under General ______ fail in their initial effort to capture Madrid, but begin what would become an almost 3-year Siege of Madrid afterwards.
1936
Francisco Franco
81.7%
Juan Carlos
10%
Miguel Primo
2.2%
Alfonso Fernando
4.6%
US President Lyndon B. Johnson signs into law an antitrust exemption allowing the National Football League to merge with the upstart ______.
1966
American Football League
75.8%
United States Football League
4.3%
United Football League
2.8%
American Football Association
15.3%
While experimenting with electricity, Wilhelm Röntgen discovers the ______.
1895
X-ray
72.6%
Light Bulb
4.7%
Lightning Rod
9.1%
Transistor
13.6%
In what would become the bloodiest battle of the Iraq War, more than 10,000 US troops and a small number of Iraqi army units participate in a siege of this insurgent stronghold.
2004
Fallujah
60.5%
Baghdad
14.4%
Mosul
19.2%
Raqqa
3.5%
In Munich, Adolf Hitler leads the Nazis in an unsuccessful attempt to overthrow the German government, an event known as this.
1923
Beer Hall Putsch
57.8%
Bavarian Coup
9.2%
Munich Massacre
11.6%
November Revolution
20.6%

Today's Daily Dose

Missing Word
TV HA - HZ

Word Ladder
Nordic Capital

On This Day
January 19th II

You're not logged in!

Compare scores with friends on all Sporcle quizzes.
OR
Log In

You Might Also Like...

Show Comments

Extras

Top Quizzes Today


Score Distribution

Your Account Isn't Verified!

In order to create a playlist on Sporcle, you need to verify the email address you used during registration. Go to your Sporcle Settings to finish the process.

Report this User

Report this user for behavior that violates our Community Guidelines.

Details: